Propuesta de un Plan de Reforestación para la 4ta. Brigada de Infantería del Ejército de República Dominicana en su zona de responsabilidad (Valverde, Mao) Fortaleza General Benito Monción / (Registro nro. 6657)
[ vista simple ]
| 000 -CABECERA | |
|---|---|
| campo de control de longitud fija | 01665nam a22002297a 4500 |
| 003 - IDENTIFICADOR DEL NÚMERO DE CONTROL | |
| campo de control | DO-SdBJH |
| 005 - FECHA Y HORA DE LA ÚLTIMA TRANSACCIÓN | |
| campo de control | 20211007132109.0 |
| 008 - DATOS DE LONGITUD FIJA--INFORMACIÓN GENERAL | |
| campo de control de longitud fija | 211007b ||||| |||| 00| 0 spa d |
| 040 ## - FUENTE DE LA CATALOGACIÓN | |
| Centro catalogador/agencia de origen | DO-SdBJH |
| Lengua de catalogación | spa |
| Centro/agencia transcriptor | DO-SdBJH |
| 090 ## - LOCALMENTE ASIGNADO TIPO-LC NÚMERO DE CLASIFICACIÓN (OCLC); NÚMERO DE CLASIFICACIÓN LOCAL (RLIN) | |
| Número de clasificación (OCLC) (R) ; Numero de clasificación, CALL (RLIN) (NR) | TG AMBC |
| Número cutter local (OCLC) ; Número de libro/Signatura topográfica íntegra, CALL (RLIN) | 01731 2020 |
| 100 1# - ENTRADA PRINCIPAL--NOMBRE DE PERSONA | |
| Nombre de persona | Molún Muñoz, Brahian |
| Término indicativo de función/relación | sustentante |
| 245 10 - MENCIÓN DE TÍTULO | |
| Título | Propuesta de un Plan de Reforestación para la 4ta. Brigada de Infantería del Ejército de República Dominicana en su zona de responsabilidad (Valverde, Mao) Fortaleza General Benito Monción / |
| Mención de responsabilidad, etc. | Brahian Molún Muñoz, asesores Felipe Céspedes Tejera, Johany Josefina Acevedo Cabrera, |
| 260 ## - PUBLICACIÓN, DISTRIBUCIÓN, ETC. | |
| Lugar de publicación, distribución, etc. | Santo Domingo Este : |
| Nombre del editor, distribuidor, etc. | INSUDE, |
| Fecha de publicación, distribución, etc. | 2020 |
| 300 ## - DESCRIPCIÓN FÍSICA | |
| Extensión | xix, 54 páginas, mapa, gráficos |
| 502 ## - NOTA DE TESIS | |
| Nota de tesis | Trabajo de grado (Licenciatura en Ciencias Militares) -- Instituto Superior para la Defensa (INSUDE). – Academia Militar del Ejército de República Dominicana “Batalla de las Carreras” 2020 |
| 504 ## - NOTA DE BIBLIOGRAFÍA, ETC. | |
| Nota de bibliografía, etc. | Incluye referencias bibliográficas e índices |
| 505 ## - NOTA DE CONTENIDO CON FORMATO | |
| Nota de contenido con formato | Situación actual de las zonas boscosa y uso de los suelos en el área de responsabilidad de la 4ta. Brigada de Infantería del Ejército de República Dominicana. -- Acciones desarrollada y los resultados obtenidas por la 4ta. Brigada de Infantería del Ejército de República Dominicana al momento de preservar, proteger, conservar y restaurar la cobertura forestal en sus áreas de responsabilidad |
| 700 1# - PUNTO DE ACCESO ADICIONAL--NOMBRE DE PERSONA | |
| Nombre de persona | Céspedes Tejera, Felipe |
| Término indicativo de función/relación | asesor |
| 700 1# - PUNTO DE ACCESO ADICIONAL--NOMBRE DE PERSONA | |
| Nombre de persona | Acevedo Cabrera, Johany Josefina |
| Término indicativo de función/relación | asesor |
| 830 ## - PUNTO DE ACCESO ADICIONAL DE SERIE-TÍTULO UNIFORME | |
| Título uniforme | INSUDE. Academia Militar del Ejército de República Dominicana “Batalla de las Carreras”. Tesis y disertaciones académicas |
| 942 ## - ELEMENTOS DE PUNTO DE ACCESO ADICIONAL (KOHA) | |
| Fuente del sistema de clasificación o colocación | Clasificación Local |
| Tipo de ítem Koha | Tesis |
| Estado de retiro | Estado de pérdida | Fuente del sistema de clasificación o colocación | Estado dañado | No para préstamo | Código de colección | Localización permanente | Ubicación/localización actual | Fecha de adquisición | Número de inventario | Total de préstamos | Signatura topográfica completa | Código de barras | Fecha visto por última vez | Número de copia | Precio válido a partir de | Tipo de ítem Koha |
|---|---|---|---|---|---|---|---|---|---|---|---|---|---|---|---|---|
| Clasificación Local | Préstamo Interno | Trabajos de Grado e Investigción | SIBM UNADE - Biblioteca Sede Central | SIBM UNADE - Biblioteca Sede Central | 10/07/2021 | 01731 | TG AMBC 01731 2020 | 01731 | 10/07/2021 | e.1 | 10/07/2021 | Tesis |
